|
|
|
|
| LEADER |
01066nam a22002177a 4500 |
| 008 |
130726b xxu||||| |||| 00| 0 eng d |
| 999 |
|
|
|c 1939
|d 1939
|
| 082 |
|
|
|a 891.43
|b SHA/KRI
|
| 100 |
|
|
|a ഷാ, രമേശ്ചന്ദ്ര
|
| 240 |
|
|
|a Agyeya
|
| 245 |
|
|
|a അജ്ഞേയ് /
|c കെ.കൃഷ്ണന്കുട്ടി
|
| 300 |
|
|
|a 116p.
|
| 440 |
|
|
|a Bharathiya sahithya silppikal
|
| 600 |
|
|
|a Sha, Rameshchandra
|
| 650 |
|
|
|a Biography
|
| 650 |
|
|
|a Hindi Literature
|
| 700 |
|
|
|a Krishnan kutty, K.
|e translator
|
| 942 |
|
|
|2 ddc
|c BK
|
| 952 |
|
|
|0 0
|1 0
|2 ddc
|4 0
|6 891_430000000000000_SHAKRI
|7 0
|9 2124
|a MAIN
|b MAIN
|d 2013-07-26
|e Sahitya Akademi
|g 25.00
|o 891.43 SHA/KRI
|p 2432
|r 2013-07-26
|t 1
|w 2013-07-26
|y BK
|
| 952 |
|
|
|0 0
|1 0
|2 ddc
|4 0
|6 891_430000000000000_SHAKRI
|7 0
|9 2125
|a MAIN
|b MAIN
|d 2013-07-26
|e Sahitya Akademi
|g 25.00
|l 1
|o 891.43 SHA/KRI
|p 2433
|r 2015-03-18
|s 2015-02-25
|t 2
|w 2013-07-26
|y BK
|
| 952 |
|
|
|0 0
|1 0
|2 ddc
|4 0
|6 891_430000000000000_SHAKRI
|7 0
|9 8794
|a MAIN
|b MAIN
|d 2014-04-21
|e Sahithya Akademi
|g 25.00
|o 891.43 SHA/KRI
|p 8406
|r 2014-04-21
|t 3
|w 2014-04-21
|y BK
|